Loading...
| Science - Biology | 0 | 6 | 0 | 0 | 60 | 36 | 64.00 | 3 | 6 | 0.00 | 0.00 |
| Science - Other | 0 | 4 | 1 | 0 | 35 | 59 | 74.25 | 1 | 4 | 0.00 | 0.00 |
| Fine Arts - Painting and Sculpture | 0 | 3 | 0 | 0 | 30 | 63 | 68.67 | 2 | 3 | 0.00 | 0.00 |
| Social Science | 0 | 3 | 0 | 0 | 30 | 51 | 72.00 | 1 | 3 | 0.00 | 0.00 |
| Science - Chemistry | 0 | 3 | 0 | 0 | 30 | 59 | 79.33 | 1 | 3 | 0.00 | 0.00 |
| Philosophy | 0 | 2 | 1 | 0 | 15 | 54 | 57.50 | 2 | 2 | 0.00 | 0.00 |
| Current Events | 0 | 1 | 0 | 0 | 10 | 73 | 73.00 | 0 | 1 | 0.00 | 0.00 |
| Mythology | 0 | 1 | 0 | 0 | 10 | 112 | 112.00 | 0 | 1 | 0.00 | 0.00 |
| Other Academic | 0 | 1 | 0 | 0 | 10 | 72 | 72.00 | 1 | 1 | 0.00 | 0.00 |
| Religion | 0 | 1 | 0 | 0 | 10 | 108 | 108.00 | 0 | 1 | 0.00 | 0.00 |
| Literature - World | 0 | 1 | 0 | 0 | 10 | 72 | 72.00 | 1 | 1 | 0.00 | 0.00 |
| Fine Arts - Classical Music | 0 | 1 | 0 | 0 | 10 | 100 | 100.00 | 0 | 1 | 0.00 | 0.00 |
| History - American | 0 | 1 | 0 | 0 | 10 | 10 | 10.00 | 1 | 1 | 0.00 | 0.00 |
| History - Other | 0 | 1 | 0 | 0 | 10 | 54 | 54.00 | 1 | 1 | 0.00 | 0.00 |
| History - World | 0 | 1 | 0 | 0 | 10 | 62 | 62.00 | 1 | 1 | 0.00 | 0.00 |
| Literature - British | 0 | 1 | 0 | 0 | 10 | 62 | 62.00 | 1 | 1 | 0.00 | 0.00 |
| Literature - European | 0 | 1 | 1 | 0 | 5 | 37 | 37.00 | 1 | 1 | 0.00 | 0.00 |
| Science - Physics | 0 | 2 | 3 | 0 | 5 | 74 | 84.00 | 0 | 2 | 0.00 | 0.00 |
| History - European | 0 | 1 | 1 | 0 | 5 | 71 | 71.00 | 1 | 1 | 0.00 | 0.00 |